| 000 | 01192nam0a22002771 4500 | ||
|---|---|---|---|
| 001 | rc\1138965 | ||
| 005 | 20250622194001.0 | ||
| 035 | _a(NLR Aleph) 006385624 | ||
| 090 |
_a5112301 _c5112301 |
||
| 100 | _a20041129d1980 |||y0rusy50 ca | ||
| 101 | 0 | _arus | |
| 102 | _aRU | ||
| 105 | _aa ||||||||| | ||
| 200 | 1 |
_aМатематические задачи сельской электрификации _eУчеб. пособие |
|
| 210 |
_aСаратов _cСарат. СХИ _d1980 |
||
| 215 |
_a137 с. _cил. _d20 |
||
| 300 | _aВ надзаг.: Сарат. с.-х. ин-т, Каф. высш. математики Сарат. ин-та механизации сел. хоз-ва им. М.И. Калинина | ||
| 320 | _aБиблиогр.: с. 132-135 (40 назв.) | ||
| 700 | 1 |
_7ca _8rus _aИванов _bВ. Н. _cканд. физ.-мат. наук, сельская электрификация _f1923- _gВиктор Николаевич _9269687 _3RU\NLR\AUTH\770269743 |
|
| 701 | 1 |
_aСолдатов _bГ.П. _gГеннадий Петрович |
|
| 801 | 0 |
_aRU _bNLR _gpsbo |
|
| 801 | 1 |
_aRU _bELAR _2rusmarc |
|
| 852 |
_aNLR _j82-3/4396 |
||
| 942 | _cBOOK | ||
| 980 | _aNB | ||